00453nam a2200157 a 4500001000500000005001700005008004100022020001800063050002200081100001500103245006700118260003900185300001800224440001800242650003500260164720140414131848.0010710s19uu xx 00 eng d a0-516-01427-7 aM 303.3bB46 1988 aBerry, Joy aEvery kid's guide to handling illness /cwritten by Joy Berry. aChicago :bChildrens Press,c1988. a1 v. p. ; cm. aLIving skills aIllness - Juvenile literature.